University Physics; with modern physics, 12/e (Record no. 294763)
[ view plain ]
| 000 -LEADER | |
|---|---|
| fixed length control field | 00396 a2200145 4500 |
| 001 - CONTROL NUMBER | |
| control field | 59690 |
| 082 ## - DEWEY DECIMAL CLASSIFICATION NUMBER | |
| Classification number | 530 YOU |
| 090 ## - LOCALLY ASSIGNED LC-TYPE CALL NUMBER (OCLC); LOCAL CALL NUMBER (RLIN) | |
| -- | 36565 |
| -- | 36565 |
| 100 ## - MAIN ENTRY--PERSONAL NAME | |
| Personal name | Young, D. Hugu |
| -- | Proger A. Freedman |
| 245 ## - TITLE STATEMENT | |
| Title | University Physics; with modern physics, 12/e |
| Statement of responsibility, etc. | Hugu Young D. |
| 250 ## - EDITION STATEMENT | |
| Edition statement | 12 |
| 260 ## - PUBLICATION, DISTRIBUTION, ETC. | |
| Place of publication, distribution, etc. | New Delhi |
| Name of publisher, distributor, etc. | Pearson Education |
| Date of publication, distribution, etc. | 2008 |
| 300 ## - PHYSICAL DESCRIPTION | |
| Extent | xx, 1596p. |
| 500 ## - GENERAL NOTE | |
| General note | BE textbook H & S dept |
| 942 ## - ADDED ENTRY ELEMENTS (KOHA) | |
| Institution code [OBSOLETE] | NUST-CAE |
| Call number prefix | 530 YOU |
| Withdrawn status | Lost status | Damaged status | Not for loan | Collection code | Permanent Location | Current Location | Date acquired | Total Checkouts | Full call number | Barcode | Date last seen | Price effective from | Koha item type |
|---|---|---|---|---|---|---|---|---|---|---|---|---|---|
| College of Aeronautical Engineering (CAE) | College of Aeronautical Engineering (CAE) | 04/03/2017 | 530 YOU | CAE81186 | 04/05/2017 | 04/05/2017 | Book |
